[Event "Reykjavik Open 2018"]
[Site "Reykjavik ISL"]
[Date "2018.03.10"]
[Round "5.59"]
[White "Finsterwalder, Sebastian"]
[Black "Densing, Gerd"]
[Result "1-0"]
[WhiteElo "2187"]
[BlackElo "1831"]
[WhiteFideId "24632090"]
[BlackFideId "24621013"]
[EventDate "2018.03.06"]

1. d4 Nf6 2. c4 e6 3. Nc3 Bb4 4. e3 b6 5. Ne2 Bb7 6. a3 Bxc3+ 7. Nxc3 Ne4 8.
Nxe4 Bxe4 9. f3 Bb7 10. Bd3 Qh4+ 11. Kf1 f5 12. Bd2 O-O 13. Be1 Qg5 14. Qd2 d6
15. Kf2 Qh4+ 16. Ke2 Qg5 17. Kd1 Nd7 18. Kc2 a5 19. Rc1 Qe7 20. Kb1 e5 21. Bc2
e4 22. f4 Kh8 23. h3 Ba6 24. Ba4 Nf6 25. Bh4 Qf7 26. Qc3 Rab8 27. Bc6 Bb7 28.
Ba4 Ba6 29. g4 fxg4 30. Bxf6 Qxf6 31. hxg4 c5 32. Qc2 cxd4 33. Qxe4 g6 34. g5
Qf5 35. Qxf5 Rxf5 36. Bc2 Rc5 37. Bxg6 dxe3 38. Rxh7+ Kg8 39. Rch1 Rb7 40. Rh8+
Kg7 41. f5 1-0

[Event "Reykjavik Open 2018"]
[Site "Reykjavik ISL"]
[Date "2018.03.10"]
[Round "5.60"]
[White "Pein, Jonathan"]
[Black "Goldammer, Christian"]
[Result "1/2-1/2"]
[WhiteElo "2184"]
[BlackElo "1885"]
[WhiteFideId "417092"]
[BlackFideId "30947200"]
[EventDate "2018.03.06"]

1. e4 c5 2. Ne2 d6 3. g3 g6 4. Bg2 Bg7 5. c3 Nc6 6. O-O e5 7. a3 Nge7 8. b4 O-O
9. b5 Nb8 10. a4 Be6 11. Bb2 c4 12. d4 cxd3 13. Qxd3 Nd7 14. Qxd6 Nb6 15. Ba3
Nec8 16. Qd1 Re8 17. Qxd8 Rxd8 18. Bb4 a5 19. Bc5 Nc4 20. Na3 N8b6 21. Nxc4 Nxc4
22. Rfd1 Rxd1+ 23. Rxd1 Rc8 24. Be7 Nb2 25. Rd8+ Bf8 26. Rxc8 Bxc8 27. Bd8 Nxa4
28. Bxa5 b6 29. Bb4 Bxb4 30. cxb4 Bd7 31. Bf1 Bxb5 32. f3 Nb2 33. Nc3 Bxf1 34.
Kxf1 Nc4 35. Ke2 Nd6 36. Nd5 b5 37. g4 h6 38. h4 g5 39. h5 Kg7 40. Kd3 f6 41.
Ne3 Kf7 42. Kc3 Ke6 43. Kd3 Kf7 44. Nd5 Ke6 45. Nc7+ Ke7 46. Nd5+ Ke6 47. Nc7+ 1/2-1/2

[Event "Reykjavik Open 2018"]
[Site "Reykjavik ISL"]
[Date "2018.03.10"]
[Round "5.62"]
[White "Heidarsson, Arnar"]
[Black "Janzelj, Lara"]
[Result "0-1"]
[BlackTitle "WFM"]
[WhiteElo "1557"]
[BlackElo "2180"]
[WhiteFideId "2312875"]
[BlackFideId "14608391"]
[EventDate "2018.03.06"]

1. d4 d5 2. Bf4 Nf6 3. e3 e6 4. Bd3 Bd6 5. Bxd6 Qxd6 6. c3 O-O 7. Nf3 Nbd7 8.
O-O Re8 9. Nbd2 e5 10. dxe5 Nxe5 11. Nxe5 Rxe5 12. h3 Be6 13. Re1 Rh5 14. e4 Qf4
15. Qe2 Bxh3 16. gxh3 Rxh3 17. Nf1 Re8 18. Kg2 Qh4 19. f3 Nh5 20. Qd2 Nf4+ 0-1

[Event "Reykjavik Open 2018"]
[Site "Reykjavik ISL"]
[Date "2018.03.10"]
[Round "5.63"]
[White "Kvamme, John A"]
[Black "Mirza, Diana"]
[Result "1/2-1/2"]
[BlackTitle "WFM"]
[WhiteElo "2108"]
[BlackElo "1849"]
[WhiteFideId "1500562"]
[BlackFideId "2503999"]
[EventDate "2018.03.06"]

1. g3 c5 2. c4 Nc6 3. Bg2 g6 4. Nc3 Bg7 5. a3 e5 6. d3 d6 7. Nf3 Nge7 8. O-O O-O
9. Bg5 h6 10. Bxe7 Nxe7 11. Rb1 Rb8 12. b4 Be6 13. bxc5 dxc5 14. Qa4 f5 15. Rfc1
a6 16. Nd5 Nxd5 17. cxd5 Bxd5 18. Rxc5 Qd6 19. Rbc1 Bc6 20. Qc4+ Kh7 21. Nd2 e4
22. Nb3 Bb5 23. Qb4 Qf6 24. a4 Bc6 25. Na5 exd3 26. Nxc6 bxc6 27. Qd2 dxe2 28.
Qxe2 Rb2 29. R5c2 Rfb8 30. Qxa6 Rxc2 31. Rxc2 f4 32. Qxc6 Rb1+ 33. Bf1 Qf5 34.
Rd2 Ra1 35. gxf4 Qg4+ 36. Qg2 Qxf4 37. Rd3 Qxa4 38. Rd6 Qc2 39. h4 Qf5 40. Rd5
Qf7 41. h5 gxh5 42. Qe4+ Qg6+ 1/2-1/2

[Event "Reykjavik Open 2018"]
[Site "Reykjavik ISL"]
[Date "2018.03.10"]
[Round "5.64"]
[White "Agustsson, Hafsteinn"]
[Black "Coleman, David J"]
[Result "1-0"]
[BlackTitle "CM"]
[WhiteElo "1853"]
[BlackElo "2107"]
[WhiteFideId "2302047"]
[BlackFideId "402087"]
[EventDate "2018.03.06"]

1. d4 Nf6 2. c4 g6 3. Nc3 Bg7 4. e4 d6 5. Be3 O-O 6. f3 Nc6 7. Bd3 e5 8. d5 Nd4
9. Nge2 Nh5 10. Bb1 Nxe2 11. Nxe2 c5 12. dxc6 bxc6 13. Bc2 Be6 14. Bb3 a5 15.
Rc1 a4 16. Bxa4 Qa5+ 17. Nc3 Nf4 18. Bxf4 exf4 19. Bb3 Qa7 20. Qd3 Rfd8 21. Ke2
Rab8 22. Rhd1 Bc8 23. Rc2 Ba6 24. Ba4 Qc5 25. b3 Rb7 26. Kf1 Re7 27. Ne2 Be5 28.
Qd2 Rb8 29. Nxf4 Qb6 30. g3 Bc8 31. Kg2 f5 32. c5 dxc5 33. Qd8+ Kf7 34. Qxb6
Rxb6 35. exf5 Bxf5 36. Rxc5 Bxf4 37. gxf4 Re2+ 38. Kg3 Rxa2 39. Rxc6 Rb7 40.
Rdc1 Re7 41. Rc7 h5 42. Bb5 h4+ 43. Kxh4 Rxh2+ 44. Kg3 Rb2 45. R1c3 Kf6 46.
R3c6+ Re6 47. Bc4 Rxc6 48. Rf7# 1-0

[Event "Reykjavik Open 2018"]
[Site "Reykjavik ISL"]
[Date "2018.03.10"]
[Round "5.65"]
[White "Larson, Gerald"]
[Black "Briem, Stephan"]
[Result "1/2-1/2"]
[WhiteElo "2065"]
[BlackElo "1841"]
[WhiteFideId "2018756"]
[BlackFideId "2312506"]
[EventDate "2018.03.06"]

1. e4 c5 2. Nf3 d6 3. d4 cxd4 4. Nxd4 Nf6 5. Nc3 a6 6. Bg5 Nbd7 7. Qe2 Qc7 8.
O-O-O e6 9. g4 b5 10. Bg2 Bb7 11. Rhe1 Be7 12. Nf5 exf5 13. exf5 Ne5 14. f4
Nexg4 15. h3 Nh6 16. Bxf6 gxf6 17. Bxb7 Qxb7 18. Nd5 O-O-O 19. Nxe7+ Kb8 20. Qh5
Rhe8 21. Qxh6 Rxe7 22. Qxf6 Red7 23. Qd4 Qc6 24. Rd3 Qc5 25. f6 Qc6 26. Qd5 Qxd5
27. Rxd5 Kc7 28. Rh5 Rg8 29. Rg5 Rg6 30. Rxg6 fxg6 31. f5 gxf5 32. Rf1 Rf7 33.
Rxf5 Kd7 34. Kd2 Ke6 35. Rf3 Rxf6 36. Ra3 Rh6 37. Rxa6 Rxh3 38. Rb6 Rh5 39. Kc3
Rc5+ 40. Kb3 h5 41. Rb8 h4 42. Rh8 Rc4 43. Rh6+ Kd5 44. c3 Rg4 45. Rh5+ Kc6 46.
Rh6 Rf4 47. Rh5 d5 48. Rh6+ Kc5 1/2-1/2

[Event "Reykjavik Open 2018"]
[Site "Reykjavik ISL"]
[Date "2018.03.10"]
[Round "5.66"]
[White "Pedersen, Lars Wisler"]
[Black "Yu, Henry"]
[Result "0-1"]
[WhiteElo "1842"]
[BlackElo "2051"]
[WhiteFideId "1417045"]
[BlackFideId "30942683"]
[EventDate "2018.03.06"]

1. e4 Nc6 2. d4 d5 3. exd5 Qxd5 4. Nf3 e5 5. Be3 Bg4 6. c4 Bb4+ 7. Nbd2 Qe4 8.
Be2 exd4 9. Bxd4 Bxf3 10. Bxg7 Bxg2 11. Rg1 O-O-O 12. Rxg2 Qxg2 13. Bg4+ f5 14.
Bxf5+ Kb8 15. Be4 Qxe4+ 16. Qe2 Bxd2+ 17. Kd1 Bh6+ 18. Ke1 Qh1+ 19. Qf1 Re8+ 0-1

[Event "Reykjavik Open 2018"]
[Site "Reykjavik ISL"]
[Date "2018.03.10"]
[Round "5.67"]
[White "Ilkov, Dani"]
[Black "Birkisson, Bjorn Holm"]
[Result "0-1"]
[WhiteElo "1841"]
[BlackElo "2022"]
[WhiteFideId "2926849"]
[BlackFideId "2310600"]
[EventDate "2018.03.06"]

1. c4 g6 2. g3 Bg7 3. Bg2 e5 4. Nc3 Ne7 5. d3 O-O 6. h4 h6 7. Bd2 c6 8. Qb3 Na6
9. O-O-O Nc5 10. Qa3 b6 11. Nh3 d5 12. Na4 Nxa4 13. Qxa4 Be6 14. Kb1 Nf5 15.
cxd5 cxd5 16. Bb4 Re8 17. e3 a5 18. Bc3 Nd6 19. Rc1 b5 20. Qd1 b4 21. Bd2 Qb6
22. e4 d4 23. h5 b3 24. a3 Nb5 25. hxg6 fxg6 26. f4 Qd6 27. Be1 Nxa3+ 28. bxa3
Qxa3 29. Qd2 b2 30. Rc4 Qa1+ 31. Kc2 b1=Q# 0-1

[Event "Reykjavik Open 2018"]
[Site "Reykjavik ISL"]
[Date "2018.03.10"]
[Round "5.68"]
[White "De Winter, Eric"]
[Black "Thurlow, Kevin J"]
[Result "0-1"]
[BlackTitle "CM"]
[WhiteElo "1775"]
[BlackElo "1999"]
[WhiteFideId "1033069"]
[BlackFideId "406104"]
[EventDate "2018.03.06"]

1. c4 Nf6 2. g3 e6 3. Bg2 d5 4. d4 c5 5. Nf3 Nc6 6. cxd5 exd5 7. O-O Be6 8. Nc3
Be7 9. Bg5 Ne4 10. Bxe7 Qxe7 11. e3 O-O 12. Rc1 Rfd8 13. b3 Rac8 14. Ne2 g5 15.
dxc5 g4 16. Nfd4 Nxc5 17. Nf4 Ne5 18. Qe2 Ne4 19. Qb2 Qf6 20. Qe2 Ng5 21. f3
gxf3 22. Nxf3 Bg4 23. Rxc8 Rxc8 24. h4 Nexf3+ 25. Bxf3 Nxf3+ 26. Rxf3 Rc1+ 27.
Kh2 Qf5 28. Qg2 Bxf3 29. Qxf3 Rc2+ 30. Kg1 Rxa2 31. Qd1 h5 32. Qd3 Qxd3 33. Nxd3 0-1

[Event "Reykjavik Open 2018"]
[Site "Reykjavik ISL"]
[Date "2018.03.10"]
[Round "5.69"]
[White "Reynolds, D Ian W"]
[Black "Chan, Daniel"]
[Result "1/2-1/2"]
[WhiteElo "1999"]
[BlackElo "1816"]
[WhiteFideId "410705"]
[BlackFideId "142050"]
[EventDate "2018.03.06"]

1. e4 e6 2. d4 d5 3. Nc3 Bb4 4. exd5 exd5 5. Bd3 Nf6 6. Qf3 Be6 7. a3 Be7 8.
Nge2 Nc6 9. h3 Qd7 10. Be3 O-O-O 11. Nc1 Rde8 12. b4 Ne4 13. Bxe4 dxe4 14. Qd1
Bf6 15. N3e2 Rd8 16. c3 Ne5 17. Ng3 Nc4 18. Nb3 Nxe3 19. fxe3 Bh4 20. O-O Bxg3
21. Nc5 Qd5 22. Qa4 Kb8 23. c4 Qg5 24. Qb5 Qxe3+ 25. Kh1 b6 26. Na6+ Kb7 27.
Nc5+ Kb8 28. Na6+ Kb7 29. Nc5+ Kb8 30. Na6+ Kb7 1/2-1/2

[Event "Reykjavik Open 2018"]
[Site "Reykjavik ISL"]
[Date "2018.03.10"]
[Round "5.70"]
[White "Mai, Alexander Oliver"]
[Black "Coffman, Charles Z"]
[Result "0-1"]
[WhiteElo "1995"]
[BlackElo "1814"]
[WhiteFideId "2313391"]
[BlackFideId "2091933"]
[EventDate "2018.03.06"]

1. e4 c5 2. Nf3 e6 3. d4 cxd4 4. Nxd4 Nc6 5. Nc3 Qc7 6. Be3 a6 7. Qd2 Nf6 8.
O-O-O b5 9. f3 Bb7 10. g4 h6 11. h4 Bb4 12. Nde2 Ne5 13. Bg2 Nc4 14. Qd3 Nxe3
15. Qxe3 Bc5 16. Qd2 d6 17. Kb1 Nd7 18. Nf4 Ne5 19. Nh5 Kf8 20. Qf4 Nc4 21. Rd3
Ne3 22. Bh3 Rc8 23. Rc1 Nc4 24. Nd1 d5 25. Qxc7 Rxc7 26. f4 g6 27. Ng3 dxe4 28.
Rd8+ Kg7 29. Rxh8 Kxh8 30. Nc3 Be3 31. Rd1 Nd2+ 32. Ka1 Bxf4 33. Nce2 Bxg3 34.
Nxg3 Rxc2 35. Ne2 Nb3+ 36. axb3 Rxe2 37. Rd7 Bd5 38. Ka2 Kg7 39. Ra7 Re3 40. Bf1
Rxb3 41. Rd7 Rf3+ 0-1

[Event "Reykjavik Open 2018"]
[Site "Reykjavik ISL"]
[Date "2018.03.10"]
[Round "5.71"]
[White "Swati, Mohota"]
[Black "Halldorsson, Hjorleifur"]
[Result "1-0"]
[WhiteTitle "WFM"]
[WhiteElo "1991"]
[BlackElo "1792"]
[WhiteFideId "5006511"]
[BlackFideId "2303647"]
[EventDate "2018.03.06"]

1. d4 Nf6 2. c4 e6 3. a3 b6 4. Nc3 Bb7 5. Nf3 Be7 6. d5 exd5 7. cxd5 O-O 8. e4
d6 9. Bd3 Re8 10. O-O Nbd7 11. Bf4 Ng4 12. Nd4 Nge5 13. Bb5 a6 14. Bxe5 dxe5 15.
Nc6 Qc8 16. Nxe7+ Rxe7 17. Bc4 Nf6 18. Rc1 Qd7 19. Qe2 Ne8 20. Rfd1 Nd6 21. Bd3
g6 22. Na2 a5 23. Nc3 Rf8 24. Nb5 Ne8 25. f3 f6 26. Nxc7 Ng7 27. d6 1-0

[Event "Reykjavik Open 2018"]
[Site "Reykjavik ISL"]
[Date "2018.03.10"]
[Round "5.72"]
[White "Shaw, Robin A"]
[Black "Ragnarsson, Johann"]
[Result "1/2-1/2"]
[WhiteElo "1770"]
[BlackElo "1985"]
[WhiteFideId "3204677"]
[BlackFideId "2301040"]
[EventDate "2018.03.06"]

1. e4 d5 2. d4 dxe4 3. Nc3 Bf5 4. f3 Nf6 5. g4 Bg6 6. h4 exf3 7. Qxf3 Qd6 8. Be3
Qe6 9. O-O-O Be4 10. Nxe4 Qxe4 11. Qxe4 Nxe4 12. Ne2 Nd7 13. Bg2 Nd6 14. Bf4
O-O-O 15. Rhf1 f6 16. d5 g6 17. Nd4 h5 18. g5 f5 19. Ne6 Re8 20. Rfe1 Rg8 21. c4
b6 22. b4 Nxc4 23. Nxc7 Bg7 24. Nxe8 Rxe8 25. Re6 Nce5 26. d6 Kd8 27. dxe7+ Rxe7
28. Rxe7 Kxe7 29. Re1 Kd8 30. Rd1 Ke7 31. Re1 Kd8 32. Rd1 Ke7 1/2-1/2

[Event "Reykjavik Open 2018"]
[Site "Reykjavik ISL"]
[Date "2018.03.10"]
[Round "5.73"]
[White "Velez Romero, Juan Luis"]
[Black "Peoples, Jonathon"]
[Result "1/2-1/2"]
[WhiteElo "1981"]
[BlackElo "1763"]
[WhiteFideId "2273187"]
[BlackFideId "2509520"]
[EventDate "2018.03.06"]

1. d4 Nf6 2. Nf3 d5 3. e3 c5 4. dxc5 Nc6 5. c4 e6 6. Nc3 Bxc5 7. cxd5 Nxd5 8.
Nxd5 exd5 9. Be2 O-O 10. O-O d4 11. exd4 Nxd4 12. Nxd4 Bxd4 13. Qb3 Qe7 14. Bf3
Be6 15. Qa4 Rfd8 16. Bf4 Bd5 17. Qxd4 Bxf3 18. Qe3 Qxe3 19. Bxe3 Bc6 20. Rfd1 a6
21. Bb6 Rxd1+ 22. Rxd1 Re8 23. Rd8 Rxd8 24. Bxd8 Kf8 25. f3 Ke8 26. Ba5 Kd7 27.
Bc3 g6 28. Kf2 Ke6 29. Ke3 f6 30. a3 f5 1/2-1/2

[Event "Reykjavik Open 2018"]
[Site "Reykjavik ISL"]
[Date "2018.03.10"]
[Round "5.75"]
[White "Sajjadi, Kimiya"]
[Black "Fjallheim, Leif Reinert"]
[Result "0-1"]
[WhiteElo "1958"]
[BlackElo "1737"]
[WhiteFideId "1516434"]
[BlackFideId "7201788"]
[EventDate "2018.03.06"]

1. d4 Nf6 2. c4 g6 3. Nc3 Bg7 4. e4 d6 5. Nf3 O-O 6. Be2 e5 7. O-O Nc6 8. d5 Ne7
9. b4 Ne8 10. Nd2 f5 11. c5 Nf6 12. f3 f4 13. Nc4 g5 14. Nb5 Ne8 15. a4 Ng6 16.
Bd2 h5 17. Rc1 Rf7 18. Be1 Bf8 19. Bf2 a6 20. Nc3 Rg7 21. cxd6 Nxd6 22. Nxd6
Bxd6 23. b5 Nh4 24. Qe1 Qf6 25. Kh1 Ng6 26. Qd1 Ne7 27. Rb1 g4 28. b6 g3 29. Bg1
Qh4 30. Bc4 Bc5 31. d6+ Kh7 32. Rf2 gxf2 33. Bxf2 Qxf2 0-1

[Event "Reykjavik Open 2018"]
[Site "Reykjavik ISL"]
[Date "2018.03.10"]
[Round "5.76"]
[White "Kvendseth, Thyra"]
[Black "Van den Bersselaar, Henri"]
[Result "0-1"]
[WhiteElo "1757"]
[BlackElo "1956"]
[WhiteFideId "1520628"]
[BlackFideId "1022032"]
[EventDate "2018.03.06"]

1. e4 d5 2. exd5 Qxd5 3. Nc3 Qd6 4. d4 Nc6 5. Nb5 Qd7 6. Bf4 e5 7. dxe5 Bb4+ 8.
c3 Ba5 9. Qxd7+ Bxd7 10. e6 fxe6 11. Nxc7+ Bxc7 12. Bxc7 Nf6 13. Nf3 Nd5 14. Bg3
O-O-O 15. O-O-O Rhf8 16. Ng5 h6 17. Ne4 Nf4 18. Nc5 e5 19. f3 Bf5 20. Bb5 a6 21.
Bxc6 Ne2# 0-1

[Event "Reykjavik Open 2018"]
[Site "Reykjavik ISL"]
[Date "2018.03.10"]
[Round "5.77"]
[White "Gudmundsson, Bjorgvin S"]
[Black "Einarsson, Oskar Long"]
[Result "1/2-1/2"]
[WhiteElo "1949"]
[BlackElo "1729"]
[WhiteFideId "2310520"]
[BlackFideId "2309220"]
[EventDate "2018.03.06"]

1. Nf3 Nf6 2. d4 d5 3. c4 g6 4. Nc3 Bg7 5. Qb3 dxc4 6. Qxc4 O-O 7. Bf4 c6 8. e3
Qb6 9. Qb3 Be6 10. Qc2 Na6 11. Be2 Nd5 12. Be5 f6 13. Bg3 Rac8 14. e4 Nab4 15.
Qd2 Bh6 16. Qxh6 Nxc3 17. bxc3 Nc2+ 18. Kf1 Nxa1 19. Qc1 Bxa2 20. Qxa1 Bf7 21.
h3 a5 22. Kg1 Ra8 23. Kh2 a4 24. Rb1 Qa7 25. Qa3 b5 26. Bf4 Bb3 27. Nd2 Be6 28.
Be3 Qd7 29. c4 Rfb8 30. d5 cxd5 31. exd5 Bf5 32. Rxb5 Rxb5 33. cxb5 Qd6+ 34.
Qxd6 1/2-1/2

[Event "Reykjavik Open 2018"]
[Site "Reykjavik ISL"]
[Date "2018.03.10"]
[Round "5.78"]
[White "Meyer, Juergen"]
[Black "Flynn, Jacob"]
[Result "1/2-1/2"]
[WhiteElo "1926"]
[BlackElo "1710"]
[WhiteFideId "24661759"]
[BlackFideId "2509393"]
[EventDate "2018.03.06"]

1. e4 c5 2. Nf3 e6 3. c4 d5 4. cxd5 exd5 5. exd5 Nf6 6. Bb5+ Bd7 7. Qe2+ Qe7 8.
Nc3 Bxb5 9. Qxe7+ Bxe7 10. Nxb5 Nxd5 11. O-O a6 12. Nc3 Nxc3 13. dxc3 Nc6 14.
Bf4 O-O-O 15. Ng5 Bxg5 16. Bxg5 Rd5 17. Be3 c4 18. Rfd1 Rhd8 19. Rxd5 Rxd5 20.
Kf1 g6 21. Ke2 Kd7 22. b3 Na5 23. Rb1 cxb3 24. axb3 Ke6 25. c4 Rd7 26. Bd2 Nc6
27. Bc3 f5 28. f3 h5 29. Rg1 Nd4+ 30. Bxd4 Rxd4 1/2-1/2

[Event "Reykjavik Open 2018"]
[Site "Reykjavik ISL"]
[Date "2018.03.10"]
[Round "5.79"]
[White "Miranda Herrera, Miguel"]
[Black "Fivelstad, Jon Olav"]
[Result "1/2-1/2"]
[WhiteElo "1722"]
[BlackElo "1916"]
[WhiteFideId "24507067"]
[BlackFideId "1510339"]
[EventDate "2018.03.06"]

1. e4 e5 2. Nf3 Nc6 3. Bc4 Bc5 4. b4 Bxb4 5. c3 Bd6 6. d4 Qe7 7. O-O h6 8. a4
Nf6 9. Na3 a6 10. Bb2 Nh7 11. Ba2 O-O 12. Nc4 exd4 13. e5 Nxe5 14. Ncxe5 Bxe5
15. Re1 Qf6 16. Nxe5 d6 17. Bxf7+ Rxf7 18. Nxf7 Qxf7 19. Qxd4 Bd7 20. Re3 Re8
21. Rae1 Rxe3 22. Rxe3 Qa2 23. Bc1 Nf6 24. Rg3 Qc2 25. Qd2 Qxd2 26. Bxd2 Ne4 27.
Rd3 Nxd2 28. Rxd2 Bxa4 29. f3 Kf7 30. Kf2 Bb5 31. Ke3 Ke6 32. f4 Bc4 33. Kd4 b5
34. g4 a5 35. Rd1 a4 36. Re1+ Kf7 37. h4 a3 38. Ke4 a2 39. h5 Bb3 40. Ra1 c6 41.
Kd3 Be6 42. Ke3 c5 43. g5 Bc4 44. Kd2 Ke6 45. Kc2 Kf5 46. gxh6 gxh6 47. Kb2 Kxf4
48. Rg1 d5 49. Rg6 b4 50. cxb4 cxb4 51. Rxh6 Kg5 52. Rb6 Kxh5 53. Rxb4 Kg5 54.
Rb8 Kf5 55. Re8 d4 56. Rd8 Ke4 57. Rxd4+ Kxd4 58. Ka1 Kc3 1/2-1/2

[Event "Reykjavik Open 2018"]
[Site "Reykjavik ISL"]
[Date "2018.03.10"]
[Round "5.80"]
[White "Jacobsen, Heidrikur T."]
[Black "Johannesson, Haki"]
[Result "1-0"]
[WhiteElo "1887"]
[BlackElo "1696"]
[WhiteFideId "7200340"]
[BlackFideId "2304694"]
[EventDate "2018.03.06"]

1. Nc3 d5 2. e4 d4 3. Nce2 e5 4. Ng3 g6 5. Bc4 Nf6 6. d3 Bg7 7. Nf3 Bg4 8. Bxf7+
Ke7 9. Bb3 Rf8 10. h3 Bxf3 11. Qxf3 Nh5 12. Qg4 Qd7 13. Nxh5 Qxg4 14. hxg4 gxh5
15. Rxh5 Rh8 16. Rf5 Rf8 17. Bg5+ Kd6 18. O-O-O h6 19. Rxf8 Bxf8 20. Bd2 Nd7 21.
Rh1 Nf6 22. f3 Bg7 23. g5 hxg5 24. Bxg5 Rh8 25. Rxh8 Bxh8 26. Bf7 Ke7 27. Bg6
Bg7 28. Kd2 Ke6 29. g3 Ng8 30. f4 Ne7 31. f5+ Kd7 32. Bf7 Bf8 33. g4 Nc8 34.
Be6+ 1-0

[Event "Reykjavik Open 2018"]
[Site "Reykjavik ISL"]
[Date "2018.03.10"]
[Round "5.81"]
[White "Puglia, Francesco"]
[Black "Huber-Delle, Guenther"]
[Result "1/2-1/2"]
[WhiteElo "1878"]
[BlackElo "1665"]
[WhiteFideId "2820060"]
[BlackFideId "30904056"]
[EventDate "2018.03.06"]

1. e4 e6 2. d4 d5 3. Nc3 Bb4 4. e5 c5 5. a3 Ba5 6. b4 cxd4 7. Nb5 Bc7 8. Nf3 Nc6
9. Bd3 Nxe5 10. Nxe5 Bxe5 11. Nxd4 Bd7 12. Be3 Ne7 13. O-O Nc6 14. Nxc6 bxc6 15.
Rb1 Bd6 16. Qg4 Bf8 17. Rfe1 e5 18. Qg3 e4 19. f3 f5 20. fxe4 fxe4 21. Bd4 Qe7
22. Re3 Qd6 23. Qh4 Be7 24. Qe1 Bf6 25. Rg3 Qf4 26. Bxf6 Qxf6 27. Qe3 O-O 28.
Be2 d4 29. Qxe4 Rae8 30. Bc4+ Kh8 31. Qf3 Qe5 32. Qd3 Bf5 33. Qd2 Bxc2 34. Rc1
d3 35. Bxd3 Qd4+ 36. Kh1 Rf2 1/2-1/2

[Event "Reykjavik Open 2018"]
[Site "Reykjavik ISL"]
[Date "2018.03.10"]
[Round "5.83"]
[White "Hallsson, Jon Eggert"]
[Black "Andrason, Pall"]
[Result "1-0"]
[WhiteElo "1684"]
[BlackElo "1858"]
[WhiteFideId "2311569"]
[BlackFideId "2300630"]
[EventDate "2018.03.06"]

1. e4 c5 2. Nc3 Nc6 3. Nge2 g6 4. g3 d6 5. Bg2 Bg7 6. d3 Bd7 7. Be3 Nf6 8. Rb1
a6 9. a3 h5 10. Bg5 Ne5 11. Nf4 Nh7 12. Nfd5 Nxg5 13. f4 Bg4 14. Qc1 Nef3+ 15.
Kf2 Bd4+ 16. Ne3 e6 17. h4 Nxh4 18. gxh4 Nh7 19. Ne2 Qf6 20. c3 Bxe3+ 21. Qxe3
Bxe2 22. Kxe2 Qe7 23. e5 d5 24. b4 cxb4 25. Rxb4 a5 26. Rb3 a4 27. Rb4 O-O 28.
f5 gxf5 29. Bf3 Kh8 30. Qb6 Rfb8 31. Rg1 f6 32. Rg6 fxe5 33. Rxe6 Qg7 34. Bxd5
Qg3 35. Rg6 Qh2+ 36. Rg2 1-0

[Event "Reykjavik Open 2018"]
[Site "Reykjavik ISL"]
[Date "2018.03.10"]
[Round "5.84"]
[White "Kumar, Naman"]
[Black "Hrafnsson, Hreinn"]
[Result "1-0"]
[WhiteElo "2045"]
[BlackElo "1637"]
[WhiteFideId "30908922"]
[BlackFideId "2304686"]
[EventDate "2018.03.06"]

1. e4 c5 2. Nf3 e6 3. d4 cxd4 4. Nxd4 Nc6 5. Nc3 a6 6. Be3 Nf6 7. f3 d6 8. Qd2
Nxd4 9. Bxd4 b5 10. O-O-O Be7 11. g4 e5 12. Be3 Qa5 13. Kb1 Be6 14. g5 b4 15.
gxf6 bxc3 16. Qxc3 Qxc3 17. bxc3 gxf6 18. f4 Bg4 19. Rd2 Bf3 20. Bg2 Bxg2 21.
Rxg2 Rc8 22. Bd2 exf4 23. Rf1 Rc4 24. Rxf4 Kd7 25. Rg7 Ke6 26. Rh4 h5 27. Rg3
Bd8 28. Rd3 Ba5 29. Kc1 Rhc8 30. Rxh5 Bxc3 31. Bxc3 Rxc3 32. Rxc3 Rxc3 33. Ra5
Rh3 34. Kd2 Rxh2+ 35. Kd3 Rh8 36. Rxa6 Rh1 37. a4 Rd1+ 38. Ke2 Rd4 39. Ke3 Rc4
40. Kd3 Rc5 41. a5 f5 42. exf5+ Rxf5 43. Ra8 Kd7 44. Ke4 Rc5 45. a6 Ke7 46. a7
Ra5 47. Kd4 Kf6 48. Kc4 Kg7 49. Kb4 Ra6 50. Kb5 Ra2 51. c4 f5 52. Kb6 Rb2+ 53.
Kc6 Ra2 54. Kd5 Ra1 55. Kd4 Ra3 56. Rd8 Rxa7 57. Rxd6 Rc7 58. c5 Kf7 59. c6 Re7
60. Kc5 Re2 61. c7 Rc2+ 62. Kb6 Ke7 63. Rc6 Rb2+ 64. Ka5 1-0

[Event "Reykjavik Open 2018"]
[Site "Reykjavik ISL"]
[Date "2018.03.10"]
[Round "5.85"]
[White "Heimisson, Hilmir Freyr"]
[Black "Ontiveros, John"]
[Result "1-0"]
[WhiteTitle "CM"]
[WhiteElo "2224"]
[BlackElo "1736"]
[WhiteFideId "2309998"]
[BlackFideId "2303981"]
[EventDate "2018.03.06"]

1. Nf3 d5 2. g3 c5 3. Bg2 Nf6 4. O-O e6 5. d3 Be7 6. Nbd2 Bd7 7. Ne5 Nc6 8. Nxd7
Qxd7 9. e4 dxe4 10. dxe4 Rd8 11. c3 Ne5 12. Qe2 Qd3 13. Re1 Qxe2 14. Rxe2 Nd3
15. Nc4 b5 16. Na5 c4 17. a4 Nxc1 18. Rxc1 a6 19. Nc6 Rd7 20. axb5 axb5 21. Ra1
O-O 22. Ra5 b4 23. cxb4 Bd8 24. Rc5 Bb6 25. Rxc4 Rd1+ 26. Bf1 h5 27. Ne7+ Kh7
28. Rc8 Rfd8 29. Rxd8 Rxd8 30. Nc6 Rd1 31. Kg2 Ng4 32. h3 Nh2 33. Kxh2 Rxf1 34.
Kg2 Rc1 35. Na5 e5 36. Rd2 Ra1 37. Nc4 Bd4 38. Na5 Rb1 39. Nc6 Bxb2 40. b5 Bd4
41. Nxd4 exd4 42. Rxd4 Rxb5 43. Rd5 Rxd5 44. exd5 Kg6 45. f4 Kf5 46. Kf3 g5 47.
g4+ hxg4+ 48. hxg4+ Kf6 49. Ke4 1-0

[Event "Reykjavik Open 2018"]
[Site "Reykjavik ISL"]
[Date "2018.03.10"]
[Round "5.86"]
[White "Sigurthorsson, Kristinn J"]
[Black "Davidsdottir, Nansy"]
[Result "1-0"]
[WhiteElo "1744"]
[BlackElo "1975"]
[WhiteFideId "2311585"]
[BlackFideId "2309491"]
[EventDate "2018.03.06"]

1. d4 d5 2. Nf3 e6 3. Bg5 Nf6 4. c4 Be7 5. Nc3 c6 6. e3 Nbd7 7. Qb3 O-O 8. Be2
b6 9. Rc1 Bb7 10. cxd5 exd5 11. O-O Ne4 12. Bxe7 Qxe7 13. Nxd5 cxd5 14. Rc7 Qd6
15. Rxb7 Qc6 16. Ba6 Nd6 17. Rxd7 Qxd7 18. Qxd5 Qc7 19. Bd3 h6 20. Ne5 Rfd8 21.
h3 Ne8 22. Qb3 Nd6 23. Re1 a5 24. a4 Rac8 25. Re2 Qe7 26. Qxb6 Rc1+ 27. Kh2 Qc7
28. Qb3 Kh8 29. f4 Qe7 30. Qd5 Qc7 31. Rf2 Kg8 32. Rf3 Ra1 33. b3 Nf5 34. Qe4 g6
35. Bc4 Re8 36. Qd3 Kg7 37. Nxf7 Nh4 38. Rg3 1-0